000 00447nam a2200181Ia 4500
001 3108
005 20260306144856.0
008 260306t2006||||xx |||||||||||||| ||spa||
041 _aESP
082 _a254.9
_bA22
100 _aSantos Díez, José Luis (ed.)
_eAUT
245 0 _aAcuerdos entre la santa sede y los estados
260 _c2006
300 _a751 páginas :
_c20 cm.
650 _aGEN
654 _aCHU
942 _cLIB
_dJUS
_fJUS
_2ddc
_n
999 _c3108
_d3108